Начальник штаба 3-го воздухоплавательного отряда аэростатов артиллерийского наблюдения (3-й ВДААН) Ленинградского фронта капитан...

RUSMARC
00005536ckm0a2200337#x 450
00167084d77-2e72-41b9-8194-88086935fcd1
00520240111100643.0
100##$a20240110d1942####k###0rusy50 ca
1010#$arus
102##$aRU
116##$afiybxx####zz####zz
1220#$ad1942######
2001#$aНачальник штаба 3-го воздухоплавательного отряда аэростатов артиллерийского наблюдения (3-й ВДААН) Ленинградского фронта капитан Е. А. Кириков (слева) и старший лейтенант В. Л. Грановский
$j[1942 г.]
251##$cДокумент
300##$aФотография
461#0$12001
$aФ. 2881
$1251
$cФонд
$1852
$j2881
462#0$12001
$aОп. 1
$1251
$cОпись
$1852
$j1
462#0$12001
$aД. 473
$vЛ. 68
$1251
$cДело
$1852
$j473
600#1$2prlib_sh
$3LIBNET\UAF\0000110310
$aКириков
$bЕ. А.
$f1923-
$gЕвгений Александрович
$jФотографии
600#1$2prlib_sh
$3LIBNET\UAF\0000110311
$aГрановский
$bВ. Л.
$f1923-2011
$gВладимир Львович
$jФотографии
60102$2nlr_sh
$3RU\NLR\AUTH\6601573142
$aОтдельный воздухоплавательный дивизион аэростатов наблюдения
$c1
$jФотографии
605##$2prlib_sh
$3LIBNET\UAF\0000088514
$aВторая мировая война в архивных документах (Комплекс оцифрованных архивных документов, кино- и фотоматериалов)
$lколлекция
6061#$2prlib_sh
$3LIBNET\UAF\0000057714
$aВеликая Отечественная война
$z1941-1945
$xГерои и героизм
$yЛенинградская область
$jФотографии
608##$aДокументальные фотографии
$z1942
$2prlib_sh
$3LIBNET\UAF\0000093096
686##$a63.3(2)622,12я611
$vLBC/M
$2rubbk
686##$a39.592я611
$vLBC/M
$2rubbk
801#0$aRU
$bПБ им. Б.Н. Ельцина
$c20240110
801#1$aRU
$bПБ им. Б.Н. Ельцина
$c20240110
$2rusmarc
801#2$aRU
$bПБ им. Б.Н. Ельцина
$c20240111
$2rusmarc
850##$aРоссийский государственный архив литературы и искусства
852##$aРГАЛИ
$jЛ. 68
035##$aLIBNET\0001372860
937##$d190293678
$hФедеральное архивное агентство
8564#$uhttp://readingroom.main.prlib.ru/item.aspx?id_node=n190293678&mode=full
Формат отображения